Statistics for Top 10 Swansea PL scorers

Click here to take the quiz!

General Stats

  • This quiz has been taken 131 times
  • The average score is 7 of 10

Answer Stats

HintAnswer% Correct
25Bony
95%
20Michu
91%
34Sigurdsson
80%
17Dyer
79%
16Routledge
77%
12Llorente
67%
15Graham
64%
12Ayew
55%
13Gomis
51%
10Ki-sung-yueng
1%

Score Distribution

Percentile by Number Answered

Percent of People with Each Score

Your Score History

You have not taken this quiz